000 00467nam a2200217Ia 4500
003 IT-RoPAU
008 120407s9999 xx 000 0 und d
040 _aIT-RoPAU
040 _cIT-RoPAU
041 _afra
100 _aPaul-Henry Paillou
245 _aArthur Rimbaud, père de L’Existentialisme
250 _aParis
260 _aEd. Perrin
260 _c1947
300 _a92 p.
300 _c18,5 cm
490 _v1
942 _cBK
999 _c37204
_d37204